01417cam a2200337 a 450000100060000000300080000600500170001400800410003102000440007203500190011603500110013504000260014604100080017208200270018024500850020724600400029225000140033226000430034630000340038950001640042365000430058765000430063065000190067370000340069270000310072671000990075774000410085694200120089799900170090995201530092668077BD-RjUL20211209081728.0170330s1993 enk 001 0 eng d a0853693005cL.160.00 : CIP entry (Apr.) a(BD-RjUL)68286 a125986 aBNBbengcBNBdNNCU:A aeng04a615.1141223bMAR 199314aThe extra pharmacopoeia /bMartindalecJames E F Reynolds and William Martindale3 aMartindale, the extra pharmacopoeia a30th ed.  aLondon :bPharmaceutical Press,c1993. axxv, 2363 p. :bill. ;c28cm. aPublished by direction of the Council of the Royal Pharmaceutical Society of Great Britain and prepared in the Society's Department of Pharmaceutical Sciences. 0aPharmacopoeiaszGreat Britain.9201812 2aPharmacopoeiasxGreat Britain.9201813 2aDrugs.92018141 aReynolds, James E. F.92018151 aParfitt, Kathleen.92018162 aRoyal Pharmaceutical Society of Great Britain.bDepartment of Pharmaceutical Sciences.92018170 aMartindale, the extra pharmacopoeia. 2ddccBK c68077d68077 00102ddc40718NFICaRUCLbRUCLcReadingd1997-07-07eChittagong.Syntax.g16000.00l0o615.1141 MAR 1993r2017-03-30 00:00:00tC-1w2017-03-30yBK